| 000 | 00000nam##2200000za#4500 |
| 001 | 9.569799 |
| 003 | CaOODSP |
| 005 | 20210624181935 |
| 007 | cr ||||||||||| |
| 008 | 150406|2007||||xxc|||||o f|0| 0 eng|d |
| 040 | |aCaOODSP|beng |
| 043 | |an-cn--- |
| 086 | 1 |aNH18-1/312-1-2007E-PDF |
| 110 | 2 |aCanada Mortgage and Housing Corporation. |
| 245 | 10|aUnderstanding vapour permeance and condensation in wall assemblies. Volume 1, Main report |h[electronic resource] |
| 260 | |aOttawa - Ontario : |bCanada Mortgage and Housing Corporation |c2007. |
| 300 | |a68p.|bfigs. (some coloured), graphs, references, tables, photographs |
| 490 | 1 |aResearch report |
| 500 | |a"Final report". |
| 590 | |a11-26-Supp|b2011-11-03 |
| 830 | #0|aResearch report (Canada Mortgage and Housing Corporation : Online)|w(CaOODSP)9.506068 |
| 856 | 40|ahttp://publications.gc.ca|qPDF|s2.63 MB|uhttps://publications.gc.ca/collections/collection_2011/schl-cmhc/nh18-1/NH18-1-312-1-2007-eng.pdf |